Snímanie stavu vodiča prostredníctvom rozhrania Bluetooth

Uložené v:
Podrobná bibliografia
Hlavný autor: Svetlák, Miroslav (Autor)
Ďalší autori: Fuchs, Peter (Vedúci práce)
Médium: Rukopis Kniha
Jazyk:Slovak
Vydavateľské údaje: 2018
Predmet:
On-line prístup:http://is.stuba.sk/zp/portal_zp.pl?podrobnosti=137572
Tagy: Pridať tag
Žiadne tagy, Buďte prvý, kto otaguje tento záznam!

MARC

LEADER 00000ntm a22000003a 4500
001 stuzp63742
003 SK-STU
005 20181116114346.6
007 ta
008 150427s2015----xo-----f-mn---000-0-slo-d
040 |a STU  |b slo 
041 0 |a slo 
044 |a xo 
100 1 |a Svetlák, Miroslav  |u 030400  |4 aut  |U FEI Fakulta elektrotechniky a informatiky  |T FEI Ústav automobilovej mechatroniky  |X 72612  |U E400  |Y 642  |7 72612 
242 0 1 |a Sensing driver status via Bluetooth  |y eng 
245 1 0 |a Snímanie stavu vodiča prostredníctvom rozhrania Bluetooth 
260 |c 2018 
300 |a 59 s.,  |b CD-ROM 
650 4 |a analog signal  |2 eng 
650 4 |a Bluetooth  |2 eng 
650 4 |a EKG  |2 eng 
650 4 |a MSP430  |2 eng 
650 4 |a serial transmission  |2 eng 
650 4 |a communication enviroment  |2 eng 
650 4 |a analógový signál  |2 slo 
650 4 |a Bluetooth  |2 slo 
650 4 |a EKG  |2 slo 
650 4 |a MSP430  |2 slo 
650 4 |a sériový prenos  |2 slo 
650 4 |a komunikačné prostredie  |2 slo 
700 1 |a Fuchs, Peter  |u 030400  |k Z2  |4 ths  |U FEI Fakulta elektrotechniky a informatiky  |T FEI Ústav automobilovej mechatroniky  |X 1898  |U E400  |Y 642  |7 A000001898 
856 4 |u http://is.stuba.sk/zp/portal_zp.pl?podrobnosti=137572 
996 |b 284EP12015  |c E*DIPL- 12015  |l EE30  |s P  |a 0  |w stuzp63742_0001